The 6-Hour MBA / (Record no. 206474)

MARC details
000 -LEADER
fixed length control field 01068nam a2200289Ia 4500
005 - DATE AND TIME OF LATEST TRANSACTION
control field 20241017154928.0
010 ## - LCCN (DPL NO)
LC control number BAC-EN21 ENG-112044 ENG-142171
020 ## - INTERNATIONAL STANDARD BOOK NUMBER
International Standard Book Number 9788183223409
Terms of availability 250.00
035 ## - SYSTEM CONTROL NUMBER
System control number EN-95576
035 ## - SYSTEM CONTROL NUMBER
System control number B-580847-884
035 ## - SYSTEM CONTROL NUMBER
System control number B-667346
035 ## - SYSTEM CONTROL NUMBER
System control number EN-125703
037 ## - SOURCE OF ACQUISITION
Source of stock number/acquisition Aakar/Ven
Stock number dpl
037 ## - SOURCE OF ACQUISITION
Source of stock number/acquisition DBAD/PUB
082 ## - DEWEY DECIMAL CLASSIFICATION NUMBER
Classification number 658.404
100 ## - MAIN ENTRY--PERSONAL NAME
Personal name Coutts, Louis A
245 ## - TITLE STATEMENT
Title The 6-Hour MBA /
Statement of responsibility, etc by Louis A Coutts
246 ## - VARYING FORM OF TITLE
Title proper/short title Six-hour MBA
260 ## - PUBLICATION, DISTRIBUTION, ETC. (IMPRINT)
Date of publication, distribution, etc 2013
Place of publication, distribution, etc New Delhi
Name of publisher, distributor, etc Manjul Publishing House
270 ## - ADDRESS
Address 7/32, Ground Floor, Ansari Road, Daryaganj,
City New Delhi
Postal code 110002
300 ## - PHYSICAL DESCRIPTION
Dimensions 22cm(pbk)
Extent xv,260p. :
Other physical details ill.
500 ## - GENERAL NOTE
General note Includes bibliographical references and index.
650 ## - SUBJECT ADDED ENTRY--TOPICAL TERM
Topical term or geographic name as entry element Management.
942 ## - ADDED ENTRY ELEMENTS (KOHA)
Item type English Books
Source of classification or shelving scheme Dewey Decimal Classification
Call number suffix COU
Classification part 658.404
Holdings
Withdrawn status Lost status Not for loan Collection code Home library Current library Date acquired Source of acquisition Cost, normal purchase price Full call number Barcode Copy number Cost, replacement price Koha item type
      Non-fiction Bawana Bawana 17/10/2024 DBAD 250.00 658.404 COU EN-125703 1 250.00 English Books

© Delhi Public Library
Hit Counter
free hit counter